00521nam a22001817a 4500999001900000005001700019010001500036020002600051035001400077037001300091082000800104100001800112245004100130260005100171270007500222300002000297942002200317 c191736d19173620220901151913.0 aENG-134872 a9789354866296c100.00 aEN-118404 bDBAD/PUB a920 aKaur, Savneet aAlexander Graham Bell/cSavneet Kaur aNew DelhibDiamond Pocket Books Pvt. Ltdc2022 bNew DelhiaX-30, OKhla Industrial Area, Phase-IIe110020msales@dpb.in a95p.c22cm(pbk) 2ddccENh920mKAU